000 01038nam a2200289 i 4500
003 DO-SdBNP
005 20250428100824.0
007 ta
008 250428b 2024dr ||||| |||| 00| 0 spa d
020 _a9789945510713
040 _aDO-SdBNP
_bspa
_cBNPHU
_erda
041 _hspa
082 4 _222
_axxx
_bxxx
100 _aHernández Núñez, Ángela,
_eautor
_4aut.
_987036
245 1 3 _aLa inquietud del ala /
_cCarmen Natalia Martínez ; prólogo, Ángela Hernández Núñez ; corrección, María del Carmen Vicente
264 4 _aSanto Domingo :
_bEditora Nacional,
_c©2024.
300 _a162 páginas :
_c23 cm.
336 _atexto
_btxt
_2rdacontent
337 _asin mediación
_bn
_2rdamedia
338 _avolumen
_bnc
_2rdacarrier
500 _aIncluye referencias bibliográficas y notas al pie de las páginas
590 _aInventariado, 2025/BT
700 1 _aHernández Núñez, Ángela,
_eprologuista
_4pr.
_987036
700 1 _aVicente, María del Carmen,
_ecorrector
_4corr,
_957201
910 _aBtavárez
942 _2ddc
_cLBS1
999 _c58283
_d58283